01466nam a22003737a 4500003000500000005001700005008004100022010000900063011000900072035000900081040000900090090001000099100004100109245007200150260005200222300001800274500001200292502012400304590003700428590004100465590004100506590004100547590004200588650002600630650004000656650002600696901000700722942000900729949004100738949004600779999001500825952012500840952012700965CHAP20220329133137.0971013s1991 r 00010 d a2667 a3639 a2840 cCHAP aTesis00aGonzález Juárez, Vicente.949086 aSistema de simulación con graficación hasta en tres dimensiones aSanta Cruz Acatlán, Méx. :bEl Autor,c1991 a99 h.b: ilus aD46-208 aTesis (Lic. en matemáticas aplicadas y computación) -- UNAM. Escuela Nacional de Estudios Profesionales "Acatlán" aALEPHb10c20130110lUCH01h1213 aBATCH-UPDb10c20130110lUCH01h1003 aBATCH-UPDb10c20130410lUCH01h0614 aBATCH-UPDb10c20130914lUCH01h1022 aCONVERSIONb10c20130109lUCH01h130314aComputación.92612214aLenguajes de programación.96598914aSimulación.9106523 aBK cFOLL bBCcTESd-12347eTS1h24406i2840si bBCcTESd-72957eTS2fc.2h24407i2840si c2667d2667 00102local4053708TESISaBCbBCcPA_TESISd2019-12-31fTESISl0p-72957r2019-12-31 00:00:00tc.2w2019-12-31yTESIS 00102local4051708TESISaBCbBCcPA_TESISd2019-12-31fTESISl0oTesisp-12347r2019-12-31 00:00:00w2019-12-31yTESIS